Differential and differential-algebraic systems for the chemical engineer solving numerical problems (Record no. 3918)

MARC details
000 -LEADER
fixed length control field 00492nam a22001457a 4500
008 - FIXED-LENGTH DATA ELEMENTS--GENERAL INFORMATION
fixed length control field 250620b |||||||| |||| 00| 0 eng d
020 ## - INTERNATIONAL STANDARD BOOK NUMBER
ISBN 9783527332755
100 ## - MAIN ENTRY--AUTHOR
Author Buzzi-Ferraris Guido
245 ## - TITLE STATEMENT
Title Differential and differential-algebraic systems for the chemical engineer solving numerical problems
260 ## - PUBLICATION, DISTRIBUTION, ETC. (IMPRINT)
Place of publication Weinheim
Name of publisher Wiley-VCH
Date of publication 2010
300 ## - COLLATION
Pagination Is, 281p.
Other physical details Ill.
650 ## - TRACINGS
Main Subject Chemical engineering-mathematics
Subdivision (1st) Differential equations
942 ## - ADDED ENTRY ELEMENTS (KOHA)
Item type Books
050 ## - LIBRARY OF CONGRESS CALL NUMBER
Classification number TP155.B89
Item number .B89
Holdings
Source of classification or shelving scheme Not for loan Permanent location Current location Date acquired Accession No. Full call number Barcode. Koha item type
Library of Congress Classification   Engineering Library Engineering Library 06/20/2025 2024/64221 TP155.B89 2025-2604 Books